00599nam a2200229Ia 4500001000700000003000500007005001700012008004100029010001100070020001800081040000900099082002300108100001900131245008000150250001100230260003900241300001100280500002500291503000800316650001900324700002600343dia_37CHAP20221202134410.0220117s1999 xx 000 0 und d a170469 a0-85199-271-4 cCHAP a634.09931 J33 1999 aJackson, D. I. aTemperate and subtropical fruit production /c D. I. Jackson y N.E. Looney a2a ed. aLondon :b Cabi Publishing,c1999 a332 p. aMaterial fotocopiado aC/e a1.Fruticultura aLooney, N. E., coaut.